The seven husbands of Evelyn Hugo / (Record no. 4446)
| 000 -LEADER | |
|---|---|
| fixed length control field | 01167cam a2200289 i 4500 |
| 001 - CONTROL NUMBER | |
| control field | 19237019 |
| 003 - CONTROL NUMBER IDENTIFIER | |
| control field | OSt |
| 005 - DATE AND TIME OF LATEST TRANSACTION | |
| control field | 20251120104902.0 |
| 008 - FIXED-LENGTH DATA ELEMENTS--GENERAL INFORMATION | |
| fixed length control field | 160819s2017 nyu 000 1 eng |
| 010 ## - LIBRARY OF CONGRESS CONTROL NUMBER | |
| LC control number | 2016032066 |
| 020 ## - INTERNATIONAL STANDARD BOOK NUMBER | |
| International Standard Book Number | 9781501139239 |
| Qualifying information | hardcover : alk. paper |
| 020 ## - INTERNATIONAL STANDARD BOOK NUMBER | |
| International Standard Book Number | 9781501161933 |
| Qualifying information | trade pbk. : alk. paper |
| 020 ## - INTERNATIONAL STANDARD BOOK NUMBER | |
| Cancelled/invalid ISBN | 9781501139246 (ebook) |
| 035 ## - SYSTEM CONTROL NUMBER | |
| System control number | 19237019 |
| 040 ## - CATALOGING SOURCE | |
| Original cataloging agency | DLC |
| Language of cataloging | eng |
| Transcribing agency | DLC |
| Description conventions | rda |
| Modifying agency | DLC |
| 042 ## - AUTHENTICATION CODE | |
| Authentication code | pcc |
| 050 00 - LIBRARY OF CONGRESS CALL NUMBER | |
| Classification number | PS3618.R45 2017 |
| 082 00 - DEWEY DECIMAL CLASSIFICATION NUMBER | |
| Classification number | 813/.6 |
| Edition number | 23 |
| 100 1# - MAIN ENTRY--PERSONAL NAME | |
| Personal name | Reid, Taylor Jenkins, |
| Relator term | author. |
| 245 14 - TITLE STATEMENT | |
| Title | The seven husbands of Evelyn Hugo / |
| Statement of responsibility, etc | Taylor Jenkins Reid. |
| 250 ## - EDITION STATEMENT | |
| Edition statement | First Atria Books hardcover edition. |
| 300 ## - PHYSICAL DESCRIPTION | |
| Extent | 391 pages ; |
| Dimensions | 24 cm |
| 776 08 - ADDITIONAL PHYSICAL FORM ENTRY | |
| Display text | Online version: |
| Main entry heading | Reid, Taylor Jenkins, author. |
| Title | Seven husbands of Evelyn Hugo |
| Edition | First Atria Books hardcover edition. |
| Place, publisher, and date of publication | New York : Atria Books, 2017 |
| International Standard Book Number | 9781501139246 |
| Record control number | (DLC) 2016038628 |
| 906 ## - LOCAL DATA ELEMENT F, LDF (RLIN) | |
| a | 7 |
| b | cbc |
| c | orignew |
| d | 1 |
| e | ecip |
| f | 20 |
| g | y-gencatlg |
| 942 ## - ADDED ENTRY ELEMENTS (KOHA) | |
| Source of classification or shelving scheme | |
| Koha item type | Fiction and Non- Fiction novels |
| Withdrawn status | Lost status | Source of classification or shelving scheme | Damaged status | Not for loan | Home library | Current library | Shelving location | Date acquired | Total Checkouts | Full call number | Barcode | Checked out | Date last seen | Date checked out | Price effective from | Koha item type |
|---|---|---|---|---|---|---|---|---|---|---|---|---|---|---|---|---|
| Riara University Library | Riara University Library | Leisure Reading | 20/11/2025 | 2 | PS3618.R45 2017 | 10847/25 | 24/04/2026 | 24/03/2026 | 24/03/2026 | 20/11/2025 | Fiction and Non- Fiction novels |
